000 00635nam a2200229Ia 4500
005 20250108125143.0
008 008 250107s9999 xx 000 0 eng d
020 _a978-0-713-99796-5
037 _aTB
040 _aCRL
_beng
_cCRL
041 _aeng
_2eng
084 _aQ29xK18 152P6.1-.13 (RR)
084 _qCRL
100 _aKhan Maria Ed.
_9730483
245 0 _aLeading a spiritual life
_cKhan Maria Ed.
260 _aDelhi, India
_bGoodword Books
_c3478
300 _a360p.
365 _aINR
_b2800
650 _aSPIRITUALISM
942 _cTB
_hQ29xK18 152P6.1-.13 (RR)
999 _c1235866
_d1235866